000 00269nam a2200121 i 4500
001 bg
245 0 _aLaboratorium podstaw konstrukcji maszyn.
260 _aOpole,
_c1981.
040 _cBPK
041 _apol
942 _cKS
008 s pl f |000 0 pol
999 _c20567
_d20567
856 _uhttp://koha.tu.koszalin.pl/cgi-bin/koha/opac-detail.pl?biblionumber=20567
_yKatalog online BPK